[Event "VII Sunway Sitges Open 2020"]
[Site "Sitges"]
[Date "2020.12.20"]
[Round "7.6"]
[White "Santos Ruiz, Miguel"]
[Black "Sochacki, Christophe"]
[Result "1/2-1/2"]
[WhiteElo "2581"]
[BlackElo "2469"]
[Annotator "TA"]
[PlyCount "91"]
[EventDate "2020.12.13"]
[EventType "swiss"]
[EventCountry "ESP"]
[SourceTitle "playchess.com"]
[Source "ChessBase"]
[SourceQuality "1"]

{[%evp 9,91,26,19,25,34,34,27,21,31,23,28,36,30,32,70,55,60,30,29,37,39,13,10,22,22,37,33,29,50,45,36,41,47,33,70,37,42,23,29,0,0,0,0,0,0,0,0,0,15,9,15,18,18,18,20,11,9,13,14,13,10,6,10,6,13,6,7,6,6,6,6,6,6,0,6,6,6,0,6,0,6,0,0,0]} 1. d4 Nf6 2. c4 e6 3. Nf3 a6 4. Nc3 d5 5. cxd5 exd5 6. Bg5 {D37: Queen's Gambit Declined: 5 Bf4.} Be6 7. e3 Nbd7 8. h3 {White has an edge.} Bd6 9. Bd3 Qe7 10. O-O h6 11. Bf4 g5 12. Bxd6 $1 Qxd6 {[#]} 13. Qb3 $146 ({Predecessor:} 13. e4 dxe4 14. Bxe4 O-O-O 15. Qc2 Rhg8 16. Rfe1 g4 17. hxg4 Bxg4 18. Ne5 Qxd4 19. Nxg4 Rxg4 {½-½ (80) Panchanathan,M (2494)-Balakrishnan,P (2423) Rockville 2019}) 13... O-O-O 14. Rfc1 Rdg8 15. Qa3 Qxa3 16. bxa3 h5 17. h4 gxh4 18. Nxh4 Rg4 19. g3 $1 Rhg8 {[#] Threatens to win with ...Rxh4.} 20. Kf1 Nb6 21. Rab1 Nfd7 22. a4 {[%cal Ba3a4,Ba4a5][%mdl 32]} c6 23. Nf5 {Ne7+ is the strong threat.} Rh8 24. Nd6+ Kc7 {The position is equal.} 25. Nxb7 Kxb7 26. a5 {[%mdl 64] [#] Pin} h4 27. gxh4 ({Much weaker is} 27. axb6 hxg3 28. f4 Nxb6 $15) 27... Rhxh4 {And now ...Rh1+ would win.} 28. axb6 Rh1+ 29. Ke2 Rxc1 30. Rxc1 Nxb6 31. Rb1 {Strongly threatening Na4.} Ka7 $1 32. Rh1 c5 33. dxc5 Na4 34. Nxa4 Rxa4 $11 {[%mdl 4096] Endgame KRB-KRB} 35. Ra1 Ra5 36. Bc2 Kb7 37. Bb3 Kc6 38. Rd1 Rxc5 39. Rd4 Rc1 40. Ra4 Kb5 41. Kf3 a5 42. Rd4 Kc5 43. Kg2 Rc3 44. Kf3 Rc1 45. Kf4 Rh1 46. Kf3 {Weighted Error Value: White=0.05/Black=0.04} 1/2-1/2

[Event "VII Sunway Sitges Open 2020"]
[Site "Sitges"]
[Date "2020.12.20"]
[Round "7.7"]
[White "Vasquez Schroeder, Rodrigo"]
[Black "Maze, Sebastien"]
[Result "1/2-1/2"]
[WhiteElo "2441"]
[BlackElo "2557"]
[Annotator "TA"]
[PlyCount "100"]
[EventDate "2020.12.13"]
[EventType "swiss"]
[EventCountry "ESP"]
[SourceTitle "playchess.com"]
[Source "ChessBase"]
[SourceQuality "1"]

{[%evp 14,100,0,0,0,0,0,0,0,0,32,-29,0,0,8,0,4,14,15,4,25,14,7,34,56,42,48,52,45,27,39,30,33,34,39,29,32,0,0,0,0,0,0,0,0,0,0,0,0,0,0,0,0,0,0,0,0,0,0,0,0,0,0,0,0,0,0,0,0,3,4,3,4,8,13,8,8,0,0,0,0,0,0,0,0,0,0,0,0]} 1. Nf3 Nf6 2. c4 e6 3. e3 d5 4. b3 c5 5. Bb2 Nc6 6. cxd5 exd5 7. Bb5 Bd6 8. O-O O-O {A13: English Opening: 1...e6.} 9. d4 cxd4 10. Nxd4 Bc7 11. Nd2 Qd6 {[%csl Gc7][%cal Rd6h2] [#]} 12. g3 {[#]} (12. N2f3 $14) 12... a6 $146 {Hoping for ...Nxd4.} ({Predecessor:} 12... Bd7 13. Be2 a6 14. N2f3 Rfe8 15. Rc1 Ne4 16. Nd2 Nf6 17. Re1 Bb6 18. Nxc6 Bxc6 {1-0 (41) Artemiev,V (2746)-Grischuk,A (2759) chess.com INT 2019}) 13. Bd3 Ne5 14. Bf5 Bxf5 15. Nxf5 Qe6 16. Nh4 Rfe8 17. Rc1 Bb6 18. Ndf3 Neg4 19. Bd4 Bxd4 20. Nxd4 Qd7 21. h3 Ne5 22. Kg2 Ne4 23. Nhf3 f6 24. Qe2 Rac8 25. Rc2 Rxc2 {The position is equal.} 26. Qxc2 Rc8 27. Qb1 Qc7 28. Qb2 Nd3 29. Qb1 $1 {[%cal Rb1d3]} Ndxf2 {[%csl Ge4][%cal Rc7g3] [#]} 30. Ne2 Qc2 31. Qxc2 Rxc2 32. Nfd4 Rxa2 {...Nd3 is the strong threat.} 33. Rxf2 Nxf2 34. Kxf2 a5 35. Kf3 a4 36. bxa4 Rxa4 37. Nc3 Ra5 38. Ndb5 h5 39. Ke2 Kh7 40. Nc7 Ra1 41. N7xd5 Rh1 42. h4 Rh2+ 43. Kd3 Kh6 44. Ne2 g5 45. Nxf6 gxh4 46. gxh4 Kg6 47. Ne4 Rxh4 48. Nf4+ Kh6 49. Ng3 {Threatens to win with Nf5+.} Rh2 50. Ngxh5 Rxh5 {Weighted Error Value: White=0.05/Black=0.03} 1/2-1/2

[Event "VII Sunway Sitges Open 2020"]
[Site "Sitges"]
[Date "2020.12.20"]
[Round "7.8"]
[White "Plat, Vojtech"]
[Black "Narciso Dublan, Marc"]
[Result "1/2-1/2"]
[WhiteElo "2562"]
[BlackElo "2492"]
[Annotator "TA"]
[PlyCount "105"]
[EventDate "2020.12.13"]
[EventType "swiss"]
[EventCountry "ESP"]
[SourceTitle "playchess.com"]
[Source "ChessBase"]
[SourceQuality "1"]

{[%evp 10,105,26,20,21,23,22,19,30,18,20,28,31,18,18,17,23,19,24,20,35,28,41,35,41,34,52,59,56,27,35,0,0,-2,34,0,0,0,0,0,0,-9,0,-8,-16,-43,-34,-74,-40,-30,0,0,0,0,-6,-8,0,0,0,0,0,0,0,0,0,0,0,0,0,0,0,0,0,0,0,0,3,0,17,0,8,8,8,-8,-8,-8,-8,-8,-8,-11,-8,-27,-7,-19,0,-37,-22,-19]} 1. d4 d5 2. c4 c6 3. Nc3 Nf6 4. cxd5 cxd5 5. Bf4 e6 6. e3 Be7 {D10: Slav Defence: 3 cxd5 (without early Nf3) and 3 Nc3.} 7. Bd3 O-O 8. Rc1 Bd7 9. Nf3 Nh5 10. Be5 Nc6 11. g4 Nf6 12. g5 Nh5 13. h4 {[#]} Qb6 $146 ({Predecessor:} 13... g6 14. Nh2 Nxe5 15. dxe5 Bc6 16. O-O d4 17. Ne4 Bxe4 18. Bxe4 dxe3 19. Qxd8 Raxd8 {0-1 (40) Szczepanski,P (2000)-Filipenko,A (2376) Krakow 2000}) 14. Qe2 Rfc8 15. Bh2 Be8 16. a3 g6 17. Kf1 Na5 18. Kg2 Nc4 19. Rc2 Qd8 20. Nb1 {[%cal Rd3c4]} Nd6 21. Rhc1 (21. Nc3 {is interesting.} Nc4) 21... Ng7 (21... Rxc2 {looks sharper.} 22. Rxc2 h6 23. gxh6 Kh7 24. Nbd2 Rc8) 22. Bxd6 Bxd6 23. Rxc8 Rxc8 24. Rxc8 Qxc8 25. Nbd2 Nf5 26. Bxf5 exf5 27. Ne1 Qe6 28. Qf3 Bb5 29. Kg1 f6 30. gxf6 Bc6 31. Ng2 Qxf6 32. Nf1 Qf7 33. Ng3 Bb5 34. Nf4 Bc4 35. Kg2 Be7 36. h5 Bd6 37. hxg6 hxg6 38. Kg1 Kf8 39. Nfe2 g5 40. Qh1 Kg7 {[#] Strongly threatening ...f4.} 41. Qh3 Bd3 42. Nc3 Qe6 43. Qh5 Qg6 44. Qxg6+ Kxg6 45. Nxd5 $11 {[%mdl 4096] Endgame KBB-KNN} f4 46. exf4 gxf4 47. Nf1 Kf5 48. Nd2 Bf8 49. Nc3 $1 Bg7 50. Nf3 Bc4 51. Kg2 Bf6 52. a4 a5 {[%mdl 1024] Black has compensation.} 53. Nd2 {Weighted Error Value: White=0.07/Black=0.05} 1/2-1/2

[Event "VII Sunway Sitges Open 2020"]
[Site "Sitges"]
[Date "2020.12.20"]
[Round "7.9"]
[White "Bellahcene, Bilel"]
[Black "Fier, Alexandr"]
[Result "0-1"]
[WhiteElo "2510"]
[BlackElo "2558"]
[Annotator "TA"]
[PlyCount "50"]
[EventDate "2020.12.13"]
[EventType "swiss"]
[EventCountry "ESP"]
[SourceTitle "playchess.com"]
[Source "ChessBase"]
[SourceQuality "1"]

{[%evp 17,50,31,27,20,35,11,11,13,12,5,50,60,61,60,155,-42,62,53,64,18,121,113,148,-69,-60,-32,0,-97,-102,-79,-34,-6,-18,-37,0]} 1. e4 c5 2. Nf3 e6 3. d4 cxd4 4. Nxd4 Nc6 5. Nc3 Qc7 6. Be3 a6 7. Qd2 Nf6 8. O-O-O Bb4 {8...Be7 is more fashionable.} 9. f3 Ne5 10. g4 {B48: Sicilian: Taimanov: 5 Nc3 Qc7 6 Be3 a6 without Be2.} b5 11. g5 Nh5 12. Be2 {The position is equal.} O-O 13. a3 Be7 (13... Bxc3 $5 14. Qxc3 Qxc3 15. bxc3 Ng6 $11) 14. Nf5 {[#]} exf5 $146 ({Predecessor:} 14... Bc5 15. Bxc5 Qxc5 16. f4 Nc4 17. Bxc4 Qxc4 18. Ng3 g6 19. Nxh5 gxh5 20. f5 Bb7 21. g6 hxg6 22. Qh6 exf5 23. exf5 {1-0 (23) McDonald,N (2412)-Czerw,D (2255) London 2019}) 15. Nd5 Qd6 (15... Qd8 $1 $14) 16. Qc3 $2 ({Only move:} 16. f4 $16 Nc4 17. Bxc4 bxc4 18. Qe2 {[%mdl 64] Double Attack}) 16... f4 {[#]} (16... Ng6 $15 17. Nc7 Nhf4) 17. Nf6+ $1 $14 {[%mdl 512]} gxf6 (17... Bxf6 18. Rxd6) 18. Rxd6 Bxd6 (18... fxe3 $11 19. Rdd1 Nf4) 19. Bd4 $16 {Strongly threatening gxf6.} Re8 20. Rg1 $2 {[#]} ({White has to play} 20. gxf6 $16 h6 21. Qe1) 20... f5 $1 $15 {[%cal Rf5e4] ...fxe4 is the strong threat.} 21. exf5 Bb7 22. g6 (22. Qb3 $1 $11) 22... hxg6 $17 ({Much worse is} 22... fxg6 $6 23. fxg6 hxg6 24. Bd3 $11) 23. fxg6 f6 ({Much weaker is} 23... Nxg6 24. Bd3 $11) 24. Qb3+ Re6 $1 25. Bxe5 $1 fxe5 {[%mdl 32768] Accuracy: White = 61%, Black = 45%. . Loss on time!?} 0-1

[Event "VII Sunway Sitges Open 2020"]
[Site "Sitges"]
[Date "2020.12.20"]
[Round "7.10"]
[White "Nevednichy, Vladislav"]
[Black "Stefanova, Antoaneta"]
[Result "1-0"]
[WhiteElo "2546"]
[BlackElo "2466"]
[Annotator "TA"]
[PlyCount "119"]
[EventDate "2020.12.13"]
[EventType "swiss"]
[EventCountry "ESP"]
[SourceTitle "playchess.com"]
[Source "ChessBase"]
[SourceQuality "1"]

{[%evp 9,119,20,25,17,12,10,20,16,27,0,64,57,53,51,66,54,52,78,74,65,59,48,91,98,133,117,112,115,183,182,183,121,128,129,141,141,147,141,134,134,147,113,147,148,148,148,157,146,151,150,157,132,155,155,153,88,93,35,47,56,50,53,57,64,165,155,139,171,167,167,143,127,129,126,137,108,227,69,172,181,164,189,186,139,263,221,195,211,415,377,476,472,416,269,263,245,278,258,530,416,361,193,380,382,528,450,1125,1122,6011,5899,29984,29985]} 1. e4 c6 2. d4 d5 3. e5 c5 4. dxc5 e6 5. Nf3 Bxc5 6. Bd3 {B12: Caro-Kann: Advance Variation.} Ne7 {is cutting edge theory.} 7. O-O Ng6 {[#]} 8. c4 $146 {The position is equal.} ({Predecessor:} 8. Nbd2 Nc6 9. Nb3 Bb6 10. Re1 O-O 11. Be3 Bc7 12. Bc5 Ngxe5 13. Bxf8 Qxf8 14. Nxe5 Nxe5 15. Bxh7+ Kxh7 16. Rxe5 Bxe5 {½-½ (91) Dominguez Perez,L (2750)-Cheparinov,I (2667) Hengshui 2019}) 8... dxc4 9. Bxg6 fxg6 (9... hxg6 $11 10. Qxd8+ Kxd8) 10. Qxd8+ $14 Kxd8 11. Nbd2 b6 12. Nxc4 Ba6 13. Bg5+ Kc7 14. Rfc1 Nc6 15. a3 h6 16. b4 hxg5 17. bxc5 bxc5 {With the idea ...g4.} 18. Ne3 c4 (18... g4 $16 19. Nxg4 (19. Ng5 Nd4 $11) 19... Be2) 19. Nxc4 $18 ({Much less strong is} 19. Nxg5 $6 Nxe5 20. Nxe6+ Kd6 $16) 19... Kd7 20. Ne3 (20. Ra2 $18) 20... Rac8 $16 21. Rc2 (21. Nxg5 $6 Nxe5 22. Rd1+ Nd3 $11) 21... Na5 22. Nxg5 Rxc2 23. Nxc2 Rc8 24. Nd4 Bc4 25. f3 Bd5 26. Rd1 $1 {Ndxe6 is the strong threat.} Ke7 27. Ne2 Bb3 28. Re1 Rc4 29. g3 Ra4 30. Nf4 Rxa3 31. Nxg6+ Kd7 32. Nf4 (32. Rc1 $142 $1) 32... Nc6 33. Re3 (33. Nh5 $1 $16) 33... Ra1+ 34. Kg2 Ra2+ 35. Kh3 Bc4 $1 36. g4 a5 (36... Rb2 $14) 37. Ngxe6 Bxe6 38. Rd3+ Ke7 39. Nxe6 Nxe5 $18 {[%mdl 4096] Endgame KRN-KRN} ({Of course not} 39... Kxe6 $6 40. Rd6+ Kxe5 41. Rxc6 $14) 40. Re3 Nc4 41. Re4 {And now Ng5+ would win.} Nd6 42. Re1 Kf6 {[#]} (42... Kf7 $16) 43. f4 $2 (43. Nd8 $1 $18 {Threatens to win with Re6+.} Rd2 44. Re6+ Kg5 {[#]} 45. Nb7 $1 {[%mdl 512]} Nxb7 46. Kg3) 43... Nc4 (43... Ra3+ $1 $14 44. Kh4 Nc4) 44. Ng5 {[%csl Gg5][%cal Re1e6]} Ra3+ 45. Kh4 {[%csl Gg5][%cal Re1e6]} Ne3 {Hoping for ...Ng2+.} 46. Ne4+ Ke6 (46... Kg6 $16 47. f5+ Nxf5+ 48. gxf5+ Kxf5) 47. Kg5 Kd5 48. Ng3 Kc4 $2 (48... a4) 49. Nf5 Nc2 50. Re7 a4 51. Rxg7 Rh3 52. Rc7+ Kb3 53. Rb7+ Nb4 $2 (53... Kc3 54. Ra7 a3) 54. Nd4+ Kc4 55. Nb5 (55. f5 $142) 55... Kc5 $2 (55... Nc6 56. f5 Rb3) 56. f5 Kc6 57. Rb8 Kc5 (57... Nd5 $142 58. f6 Rh7) 58. f6 Rf3 {[#]} 59. Nd4 $1 {[%mdl 512]} Rf1 (59... Kxd4 60. Rxb4+) 60. Nf5 {Weighted Error Value: White=0.17/Black=0.43} 1-0

[Event "VII Sunway Sitges Open 2020"]
[Site "Sitges"]
[Date "2020.12.20"]
[Round "7.11"]
[White "Cornette, Matthieu"]
[Black "Msellek, Ilyass"]
[Result "1/2-1/2"]
[WhiteElo "2558"]
[BlackElo "2316"]
[Annotator "TA"]
[PlyCount "81"]
[EventDate "2020.12.13"]
[EventType "swiss"]
[EventCountry "ESP"]
[SourceTitle "playchess.com"]
[Source "ChessBase"]
[SourceQuality "1"]

{[%evp 19,81,26,33,20,27,14,31,36,50,47,50,42,52,47,54,33,37,20,35,16,26,0,37,0,41,39,52,43,51,33,32,25,45,45,45,45,47,41,53,23,38,27,37,25,18,18,29,-35,-26,-43,0,0,0,0,0,0,-8,-12,-20,-14,0,0,0,0]} 1. e4 c5 2. Nf3 d6 3. Bb5+ Bd7 4. Bxd7+ Qxd7 5. c4 Nc6 6. d4 cxd4 7. Nxd4 g6 8. Nc3 Bg7 9. Be3 Nf6 10. f3 O-O 11. Rc1 {B52: Sicilian: Moscow Variation with 3...Bd7.} a6 12. Nxc6 Qxc6 13. b3 {White is slightly better.} e6 {[#]} 14. Qe2 $146 ({Predecessor:} 14. a4 b6 15. O-O Rfd8 16. Qd3 Nd7 17. Rfd1 Ne5 18. Qd2 Qb7 19. Kh1 f5 20. Qe2 {½-½ (45) Predojevic,B (2604)-Risting,E (2297) Norway 2020}) 14... Rfd8 15. O-O Rac8 16. Rfd1 Qc7 17. Qf2 Nd7 18. Ne2 Qb8 19. Nd4 Ne5 20. a4 Nc6 21. Ne2 Rd7 22. Bb6 Bf6 23. Rc2 Bd8 24. Rcd2 Na5 25. Rd3 Bxb6 26. Qxb6 {[%mdl 64] [#] Double Attack} Qc7 27. Qe3 Rcd8 28. f4 Nc6 29. Kh1 Nb4 30. R3d2 d5 31. cxd5 exd5 32. e5 d4 33. Qf3 (33. Rxd4 $11 Nc2 34. Rxd7 Nxe3 35. Rxd8+ (35. Rxc7 Rxd1+ 36. Ng1 Rb1 $11) 35... Kg7 36. R1d2) 33... d3 $15 34. Ng3 {[%cal Be2g3,Bg3e4,Be4f6][%mdl 32]} Rd4 35. Ne4 {The position is equal.} Qc6 36. Nf6+ Kg7 $1 {Threatens to win with ...Qxf3.} 37. Qh3 h6 38. f5 Nd5 39. fxg6 {Black must now prevent Nh5+.} ({But not} 39. Rxd3 $2 {[#]} Nf4 $1 $19 {[%mdl 512]}) 39... fxg6 40. Rf1 Rf4 {[%cal Rf4f1]} 41. Rg1 $1 {Accuracy: White = 82%, Black = 88%.} 1/2-1/2

[Event "VII Sunway Sitges Open 2020"]
[Site "Sitges"]
[Date "2020.12.20"]
[Round "7.13"]
[White "Carbonell Sancho, Marc"]
[Black "Mendonca, Leon Luke"]
[Result "1/2-1/2"]
[WhiteElo "2274"]
[BlackElo "2516"]
[Annotator "TA"]
[PlyCount "155"]
[EventDate "2020.12.13"]
[EventType "swiss"]
[EventCountry "ESP"]
[SourceTitle "playchess.com"]
[Source "ChessBase"]
[SourceQuality "1"]

{[%evp 9,155,22,27,0,3,6,5,-7,15,0,0,1,34,51,32,-22,-28,-87,-98,-47,-30,-22,-8,-29,32,42,128,119,149,141,135,91,91,91,144,87,91,91,136,125,125,135,177,163,296,292,295,281,291,172,179,175,157,167,169,155,162,158,147,147,169,58,60,44,101,2,3,19,8,31,257,259,267,110,113,104,133,133,123,76,88,85,85,84,84,87,88,82,90,87,87,87,109,112,116,108,109,112,110,106,137,140,139,99,92,59,85,0,0,0,81,68,142,0,35,47,75,20,78,81,183,183,183,172,155,168,239,184,191,174,187,0,0,0,0,0,0,0,0,0,0,0,0,0,0,0,0,0]} 1. e4 c5 2. Nf3 d6 3. d4 cxd4 4. Nxd4 Nf6 5. Nc3 a6 6. h4 {B90: Sicilian Najdorf: Unusual White 6th moves, 6 Be3 Ng4 and 6 Be3 e5.} e5 7. Nb3 Be7 8. Bg5 Nbd7 9. Qd2 h6 10. Be3 {[#]} Nb6 $146 ({Predecessor:} 10... Ng4 11. Nd5 Nxe3 12. Qxe3 Nf6 13. Nxe7 Qxe7 14. O-O-O Be6 15. g3 Rc8 16. g4 d5 {0-1 (89) Divya,D (2322)-Manish,A (2280) Budapest 2020}) 11. f3 Be6 12. Bxb6 (12. O-O-O $14) 12... Qxb6 $11 13. Nd5 (13. O-O-O $11) 13... Bxd5 $17 14. exd5 e4 15. O-O-O O-O 16. g4 Rfe8 (16... exf3 $11 17. Qf4 f2) 17. g5 $14 e3 ({Better is} 17... Nh5 $1 $14) 18. Qh2 $1 $16 Nh5 19. Be2 a5 20. a3 Rac8 {Strongly threatening ...Qxb3.} 21. Kb1 $1 a4 22. Nd4 (22. Nc1 $142 $1) 22... Bf8 23. f4 Re4 24. Bxh5 Rxd4 {[#]} 25. Qh3 $1 {[%mdl 512]} Rxd1+ 26. Rxd1 Rc7 (26... Re8 {might work better.}) 27. g6 $18 {[%mdl 64] Overworked Piece} fxg6 28. Qe6+ (28. Bxg6 Re7 $16) 28... Kh8 29. Bxg6 (29. Be2 $142 Re7 30. Qxg6) 29... Re7 30. Qc8 {[%cal Rc8f8]} Kg8 31. Bf5 $1 {Hoping for Re1.} e2 32. Be6+ Kh7 33. Re1 $1 (33. Rh1 $6 Qe3 $11) 33... Qf2 34. Qc3 $1 (34. Rxe2 Qxe2 35. Qxf8 Qd1+ 36. Ka2 Rxe6 $15) 34... Qxh4 35. f5 ({White should play} 35. Qd3+ $18 Kh8 36. Rxe2 (36. Qxe2 b5 $16)) 35... Rc7 $1 $14 {[%cal Rc7c3]} 36. Qd2 Be7 (36... b5 $1 $14) 37. Bf7 (37. Qxe2 $16 {next Bf7 is good for White.} Kh8 38. Rg1) 37... Bg5 $132 {[%mdl 2048] Black is not keeping still} 38. Bg6+ Kh8 {[#]} 39. Rxe2 $1 {[%cal Re2e8][%mdl 512]} Rc8 $2 ({Black should try} 39... Re7 $1 $14 40. Rxe7 Bxe7) 40. Qd3 $1 $18 Rf8 41. Qe4 (41. Re6 $18 {and White stays clearly on top.}) 41... Qxe4 42. Rxe4 $16 {[%mdl 4096] Endgame KRB-KRB} Ra8 43. Rb4 $1 Ra7 44. Bf7 Bf6 45. c3 g5 46. fxg6 Kg7 47. Be8 $1 h5 48. Bxa4 Kxg6 49. Bd7 h4 50. Kc2 b5 51. Be6 Rh7 52. Rg4+ $1 ({Much weaker is} 52. Rxb5 $6 h3 $11) 52... Bg5 {White should prevent ...h3.} 53. Rg2 $1 Rh8 54. Kb3 Rf8 55. Kb4 Rb8 56. Bd7 Rb7 57. Bxb5 Kf5 58. Ka4 (58. Ka5 $1 $16) 58... Ra7+ $1 $11 59. Kb4 (59. Kb3 $11) 59... Rb7 $16 {aiming for ...h3.} 60. Ka5 $1 h3 (60... Bf4 $14) 61. Rf2+ {Cut Off at move 61} (61. Rh2 $1 $16) 61... Kg4 (61... Bf4 $5 {[%cal Rh3h2]}) 62. Bf1 Kg3 63. Rc2 $1 Bd8+ (63... Rh7 $1 $11 {keeps the balance.}) 64. Ka6 Rh7 {[#]} (64... Rb6+ $16 65. Ka7 Rb3) 65. Bxh3 $1 $18 {[%mdl 512]} Rxh3 {KRB-KR} (65... Kxh3 66. b4) 66. Kb7 Kf3 67. Kc6 {[%mdl 1024] White has strong compensation.} Rh6 (67... Ke3 $142 68. Rg2 (68. Kxd6 Rh6+ 69. Kd7 Kd3 $16) 68... Kd3) 68. Rd2 Bg5 {[#]} 69. Rd4 $1 Bc1 {[#]} 70. Rb4 $2 (70. b4 $1 $18) 70... Rh2 $1 $11 {The position is equal.} 71. Kxd6 {Black must now prevent Kc6.} Bxb2 72. Rb3 Ke4 73. Kc5 Rc2 74. c4 Bd4+ 75. Kb5 Ke5 76. a4 {[%cal Ba3a4,Ba4a5,Ba5a6][%mdl 32]} Kd6 77. a5 Ra2 78. a6 {White really could win this.  Weighted Error Value: White=0.18/Black=0.22} 1/2-1/2

[Event "VII Sunway Sitges Open 2020"]
[Site "Sitges"]
[Date "2020.12.20"]
[Round "7.14"]
[White "Dardha, Daniel"]
[Black "Hernando Rodrigo, Julio Antonio"]
[Result "1-0"]
[WhiteElo "2487"]
[BlackElo "2275"]
[Annotator "TA"]
[PlyCount "77"]
[EventDate "2020.12.13"]
[EventType "swiss"]
[EventCountry "ESP"]
[SourceTitle "playchess.com"]
[Source "ChessBase"]
[SourceQuality "1"]

{[%evp 16,77,24,25,27,25,27,9,3,42,35,0,0,0,0,0,0,0,0,0,-11,25,10,-50,0,0,0,8,56,63,75,87,50,47,139,134,263,260,512,434,861,885,876,824,842,818,1686,1671,1606,1641,5310,5302,2611,2161,5515,3270,29977,5808,29991,29992,29992,29993,29993,29994]} 1. Nf3 Nf6 2. c4 g6 3. Nc3 Bg7 4. e4 d6 5. d4 O-O 6. Be2 e5 7. d5 a5 8. Bg5 h6 9. Be3 Ng4 {E92: King's Indian: Classical: 6 Be2 e5: 7 dxe5, 7 Be3 and Petrosian System without 7...Nbd7.} 10. Bd2 f5 11. h3 Nf6 {The position is equal.} 12. exf5 gxf5 13. Qc1 f4 14. g3 e4 $1 {[%cal Re4f3]} 15. Nh4 {[#]} e3 $1 {[%cal Re3d2][%mdl 512]} 16. fxe3 fxg3 {White must now prevent ...Ne4!} 17. Ng6 Re8 18. Nf4 Na6 19. Qb1 (19. Rg1 $11) 19... Nc5 (19... Re5 $15) 20. Qg6 $11 Re5 $1 {[%cal Re5g5] Threatens to win with ...Rg5.} 21. h4 $1 (21. Qxg3 Nfe4 $17) 21... Bf5 22. Qxg3 Nfe4 23. Nxe4 Nxe4 24. Qg2 {[#]} Kh7 $146 {Black is on the road to losing.} (24... Nxd2 $14 25. Kxd2 Be4) ({Predecessor:} 24... Nxd2 25. Rg1 Nf3+ 26. Qxf3 Qxh4+ 27. Kd2 Re7 28. Nh5 Rf8 29. Raf1 Qe4 30. Qxe4 Bxe4 31. Rxf8+ Kxf8 {1-0 (61) Grigoryan,K (2632)-Plichta,K (2353) Lisbon 2020}) 25. O-O-O $40 {[%mdl 128] White has strong attack.} c6 (25... Nxd2 $16 26. Rhg1 (26. Kxd2 Re8 $16) (26. Rxd2 Rxe3 27. Qf2 Re7 $14) 26... Qe7) 26. Rhg1 $18 {[%csl Gg1][%cal Rg2g7]} Re7 $2 (26... Qd7 {was worth a try.} 27. Bd3 Rg8 28. Bxa5 Qc8 29. dxc6 bxc6) 27. Bg4 Qf8 (27... Bxg4 $142 28. Qxg4 Qd7) 28. Ne6 Bxb2+ 29. Kxb2 Qf6+ 30. Ka3 {And now Bxf5+ would win.} b5 31. Bxf5+ Qxf5 32. Rdf1 b4+ {[#]} 33. Kb2 $1 Qe5+ 34. Kc2 Ng5 35. hxg5 Rxe6 36. dxe6 (36. g6+ $142 Kg8 37. dxe6 Qxe6 38. Qxc6 Re8 39. g7 Rc8 {[#]} 40. Rf8+ $1 {[%mdl 576] Decoy, Promotion} Rxf8 41. gxf8=Q+ Kxf8 42. Qa8+ {[%mdl 64] Double Attack} Qe8 43. Rg8+ $1 {[%mdl 576] Skewer, Deflection} Kxg8 44. Qxe8+ Kg7 45. e4) 36... b3+ 37. axb3 {White mates.} a4 38. gxh6 axb3+ 39. Kd3 {Weighted Error Value: White=0.12/Black=0.82} 1-0

[Event "VII Sunway Sitges Open 2020"]
[Site "Sitges"]
[Date "2020.12.20"]
[Round "7.15"]
[White "Asis Gargatagli, Hipolito"]
[Black "Lever, Erwan"]
[Result "0-1"]
[WhiteElo "2470"]
[BlackElo "2200"]
[Annotator "TA"]
[PlyCount "60"]
[EventDate "2020.12.13"]
[EventType "swiss"]
[EventCountry "ESP"]
[SourceTitle "playchess.com"]
[Source "ChessBase"]
[SourceQuality "1"]

{[%evp 9,59,34,40,30,24,29,21,35,35,27,16,14,33,29,30,-29,-26,-43,-30,-34,-31,-49,-33,-32,26,-55,-55,-50,-57,-104,-83,-92,-91,-186,-180,-197,-182,-197,-191,-230,-204,-576,-572,-559,-546,-858,-839,-29981,-29982,-29982,-29982,-29999]} 1. e4 c5 2. Nf3 e6 3. d4 cxd4 4. Nxd4 Nc6 5. Nc3 Qc7 6. Qd3 {B47: Sicilian: Taimanov: 5 Nc3 Qc7 6 f4, 6 g3 and 6 Be2.} Nf6 7. Ndb5 Qb8 $1 8. Qg3 {Black must now prevent Nc7+.The position is equal.} d6 $1 {Threatening ...a6.} 9. Be3 $1 a6 10. Nd4 Bd7 11. Bd3 b5 {[%cal Bb7b5,Bb5b4][%mdl 32]} 12. O-O-O (12. f4 $142) 12... b4 $11 13. Nce2 {[#]} Ne5 $146 ({Predecessor:} 13... a5 14. Nxc6 Bxc6 15. Nd4 Bd7 16. Rhe1 Qb7 17. Bg5 h6 18. Bxf6 gxf6 19. e5 fxe5 {½-½ (35) Ostos,J (2235)-Sanchez,S (2395) San Pedro del Rio 2018}) 14. Kb1 a5 15. f4 Nxd3 16. cxd3 g6 (16... a4 $15) 17. Qh4 ({White should play} 17. f5 $11) 17... Be7 $15 {Threatens to win with ...Nxe4!} 18. f5 Nd5 19. Bg5 Bxg5 20. Qxg5 {[#]} Nc3+ $1 21. bxc3 (21. Ka1 $17 Nxd1 22. fxe6 fxe6 23. Nxe6 Bxe6 24. Qf6) 21... bxc3+ $19 22. Nb3 a4 {[%cal Ba5a4,Ba4b3][%mdl 96] Pin} 23. Nxc3 axb3 24. a4 Qb4 $40 {[%mdl 128] Black goes for the king.} ({And not} 24... exf5 25. Nd5 $11) ({Worse is} 24... gxf5 25. exf5 Qc7 26. Qg7 $14) 25. Qf6 $2 (25. fxe6 {is a better chance.} fxe6 26. Kb2) 25... O-O {Strongly threatening ...Qa3.} 26. Kb2 Bxa4 {...Bc6 is the strong threat.} 27. fxe6 {[#] Hoping for Nd5.} Bd7 $1 {[%mdl 512] ( -> ...Qa3+)} 28. Nd5 (28. exd7 Qa3+) 28... Qa3+ {Black mates.} 29. Kc3 Qa5+ 30. Kd4 Qc5# {Weighted Error Value: White=0.72/Black=0.05} 0-1